|
|
|
|
| LEADER |
00743nab a2200217 i 4500 |
| 001 |
acta9147 |
| 005 |
20250521092918.0 |
| 008 |
161015s1993 hu o 000 hun d |
| 022 |
|
|
|a 0865-5553
|
| 040 |
|
|
|a SZTE Egyetemi Kiadványok Repozitórium
|b hun
|
| 041 |
|
|
|a hun
|
| 100 |
1 |
|
|a Ficino Marsilio
|
| 245 |
1 |
0 |
|a Commentarium
|h [elektronikus dokumentum] :
|b folytatás /
|c Ficino Marsilio
|
| 260 |
|
|
|a Pompeji Alapítvány
|b Szeged
|c 1993
|
| 300 |
|
|
|a 93-109
|
| 490 |
0 |
|
|a Pompeji
|
| 650 |
|
4 |
|a Bölcsészettudományok
|
| 650 |
|
4 |
|a Nyelvek és irodalom
|
| 695 |
|
|
|a Szerelem - filozófia, Reneszánsz - Itália - 15. sz.
|
| 700 |
0 |
1 |
|a Imregh Mónika
|
| 856 |
4 |
0 |
|u http://acta.bibl.u-szeged.hu/9147/1/pompeji_1993_003_004_093-109.pdf
|z Dokumentum-elérés
|